[Event "Kings Place Rapidplay"]
[Site "London"]
[Date "2017.07.08"]
[Round "4.4"]
[White "Merriman, John"]
[Black "Williams, Simon K"]
[Result "1-0"]
[BlackElo "2511"]
[WhiteElo "2198"]
[LiveChessVersion "1.4.6"]
[EventDate "2017.07.08"]
[EventType "swiss"]
[EventRounds "6"]
[EventCountry "ENG"]

1. d4 {[%clk 0:25:07]} e6 {[%clk 0:25:07]} 2. c4 {[%clk 0:25:09]} f5
{[%clk 0:25:09]} 3. g3 {[%clk 0:25:11]} Nf6 {[%clk 0:25:12]} 4. Bg2
{[%clk 0:25:13]} Be7 {[%clk 0:25:14]} 5. Nh3 {[%clk 0:24:45]} O-O
{[%clk 0:25:13]} 6. O-O {[%clk 0:24:34]} d6 {[%clk 0:25:15]} 7. Nf4
{[%clk 0:24:23]} c6 {[%clk 0:24:54]} 8. d5 {[%clk 0:23:57]} e5 {[%clk 0:24:52]}
9. Nd3 {[%clk 0:23:55]} cxd5 {[%clk 0:24:44]} 10. cxd5 {[%clk 0:23:57]} Na6
{[%clk 0:24:22]} 11. Nc3 {[%clk 0:23:40]} Nc7 {[%clk 0:23:52]} 12. Qb3
{[%clk 0:23:11]} e4 {[%clk 0:23:18]} 13. Nf4 {[%clk 0:22:41]} Qe8
{[%clk 0:21:37]} 14. f3 {[%clk 0:21:33]} exf3 {[%clk 0:21:23]} 15. exf3
{[%clk 0:21:00]} Bd8 {[%clk 0:20:00]} 16. Bd2 {[%clk 0:19:58]} Na6
{[%clk 0:20:02]} 17. Rfe1 {[%clk 0:19:19]} Qf7 {[%clk 0:20:01]} 18. Nb5
{[%clk 0:16:33]} Ne8 {[%clk 0:15:46]} 19. Be3 {[%clk 0:10:52]} Nac7
{[%clk 0:08:19]} 20. Nd4 {[%clk 0:09:33]} Nf6 {[%clk 0:08:07]} 21. Nde6
{[%clk 0:07:37]} Ncxd5 {[%clk 0:07:17]} 22. Ng5 {[%clk 0:06:25]} Nxe3
{[%clk 0:07:01]} 23. Nxf7 {[%clk 0:06:26]} Rxf7 {[%clk 0:07:04]} 24. Rxe3
{[%clk 0:06:02]} Bb6 {[%clk 0:07:08]} 25. Kh1 {[%clk 0:05:50]} Bxe3
{[%clk 0:07:10]} 26. Qxe3 {[%clk 0:05:53]} Bd7 {[%clk 0:07:14]} 27. Rd1
{[%clk 0:05:43]} Bc6 {[%clk 0:07:08]} 28. Qb3 {[%clk 0:05:13]} Re8
{[%clk 0:07:00]} 29. h4 {[%clk 0:05:04]} d5 {[%clk 0:06:59]} 30. Qd3
{[%clk 0:04:34]} g6 {[%clk 0:06:57]} 31. Qd4 {[%clk 0:04:32]} a6 {[%clk 0:06:34]}
32. Nd3 {[%clk 0:04:22]} Nd7 {[%clk 0:06:35]} 33. Re1 {[%clk 0:04:19]} Rc8
{[%clk 0:06:39]} 34. Ne5 {[%clk 0:04:12]} Nxe5 {[%clk 0:06:33]} 35. Rxe5
{[%clk 0:04:15]} f4 {[%clk 0:06:37]} 36. Bh3 {[%clk 0:03:58]} 1-0

[Event "Kings Place Rapidplay"]
[Site "London"]
[Date "2017.07.08"]
[Round "4.5"]
[White "Claridge-Hansen, William"]
[Black "Rendle, Thomas E"]
[Result "0-1"]
[BlackElo "2414"]
[WhiteElo "2079"]
[LiveChessVersion "1.4.6"]
[EventDate "2017.07.08"]
[EventType "swiss"]
[EventRounds "6"]
[EventCountry "ENG"]

1. c4 {[%clk 0:25:08]} f5 {[%clk 0:25:08]} 2. g3 {[%clk 0:25:08]} Nf6
{[%clk 0:25:12]} 3. Bg2 {[%clk 0:25:10]} g6 {[%clk 0:25:16]} 4. Nc3
{[%clk 0:25:09]} d6 {[%clk 0:25:05]} 5. d3 {[%clk 0:24:59]} Bg7 {[%clk 0:25:07]}
6. e4 {[%clk 0:24:59]} Nc6 {[%clk 0:25:01]} 7. Nge2 {[%clk 0:24:50]} O-O
{[%clk 0:24:56]} 8. O-O {[%clk 0:24:49]} e5 {[%clk 0:23:24]} 9. Nd5
{[%clk 0:23:20]} Nh5 {[%clk 0:23:14]} 10. exf5 {[%clk 0:23:03]} Bxf5
{[%clk 0:23:08]} 11. h3 {[%clk 0:21:57]} Be6 {[%clk 0:22:58]} 12. Be3
{[%clk 0:19:00]} Qd7 {[%clk 0:21:47]} 13. Kh2 {[%clk 0:18:49]} Rae8
{[%clk 0:20:50]} 14. Rc1 {[%clk 0:17:12]} Nd8 {[%clk 0:19:07]} 15. Qd2
{[%clk 0:15:27]} c6 {[%clk 0:18:55]} 16. Ndc3 {[%clk 0:15:31]} b6
{[%clk 0:17:43]} 17. Ne4 {[%clk 0:14:53]} Kh8 {[%clk 0:14:56]} 18. d4
{[%clk 0:13:48]} d5 {[%clk 0:14:39]} 19. cxd5 {[%clk 0:12:31]} cxd5
{[%clk 0:14:43]} 20. Ng5 {[%clk 0:12:22]} e4 {[%clk 0:14:46]} 21. Nxe6
{[%clk 0:12:21]} Nxe6 {[%clk 0:14:50]} 22. Rc3 {[%clk 0:10:17]} Re7
{[%clk 0:14:45]} 23. Rfc1 {[%clk 0:09:03]} Ref7 {[%clk 0:14:48]} 24. Qc2
{[%clk 0:08:03]} g5 {[%clk 0:13:54]} 25. Rc8 {[%clk 0:07:16]} Nhf4
{[%clk 0:10:57]} 26. gxf4 {[%clk 0:02:53]} gxf4 {[%clk 0:11:01]} 27. Qc6
{[%clk 0:02:19]} fxe3 {[%clk 0:08:45]} 28. fxe3 {[%clk 0:02:22]} Bh6
{[%clk 0:04:31]} 29. Rxf8+ {[%clk 0:02:14]} Bxf8 {[%clk 0:04:32]} 30. Qxd7
{[%clk 0:01:38]} Rxd7 {[%clk 0:04:36]} 31. Rc6 {[%clk 0:01:04]} Bd6+
{[%clk 0:03:26]} 32. Kh1 {[%clk 0:00:55]} Ng5 {[%clk 0:03:17]} 33. Nc3
{[%clk 0:00:39]} Bg3 {[%clk 0:03:17]} 34. Rf6 {[%clk 0:00:27]} Be1
{[%clk 0:01:41]} 35. Rf8+ {[%clk 0:00:15]} Kg7 {[%clk 0:01:44]} 36. Rf5
{[%clk 0:00:18]} Bxc3 {[%clk 0:01:41]} 37. bxc3 {[%clk 0:00:12]} Kg6
{[%clk 0:01:44]} 38. Re5 {[%clk 0:00:10]} Rc7 {[%clk 0:01:48]} 39. h4
{[%clk 0:00:13]} Nf3 {[%clk 0:01:47]} 40. Bxf3 {[%clk 0:00:10]} exf3
{[%clk 0:01:51]} 41. Rxd5 {[%clk 0:00:14]} Rxc3 {[%clk 0:01:55]} 42. Rg5+
{[%clk 0:00:14]} Kf6 {[%clk 0:01:56]} 43. e4 {[%clk 0:00:19]} Rc4
{[%clk 0:01:53]} 44. Rf5+ {[%clk 0:00:22]} Ke6 {[%clk 0:01:56]} 45. d5+
{[%clk 0:00:26]} Kd6 {[%clk 0:02:00]} 46. Rxf3 {[%clk 0:00:29]} Rxe4
{[%clk 0:02:04]} 47. Rf7 {[%clk 0:00:10]} Rxh4+ {[%clk 0:02:06]} 48. Kg2
{[%clk 0:00:15]} Ra4 {[%clk 0:01:58]} 49. Rxh7 {[%clk 0:00:15]} Rxa2+
{[%clk 0:01:58]} 50. Kf3 {[%clk 0:00:19]} Kxd5 {[%clk 0:02:02]} 51. Ke3
{[%clk 0:00:23]} Kc4 {[%clk 0:01:54]} 52. Rc7+ {[%clk 0:00:26]} Kb3
{[%clk 0:01:53]} 53. Kd3 {[%clk 0:00:30]} b5 {[%clk 0:01:52]} 54. Rc3+
{[%clk 0:00:30]} Kb4 {[%clk 0:01:53]} 55. Rc1 {[%clk 0:00:31]} Rb2
{[%clk 0:01:48]} 56. Rh1 {[%clk 0:00:11]} a5 {[%clk 0:01:49]} 57. Rh4+
{[%clk 0:00:14]} Kb3 {[%clk 0:01:52]} 58. Rh3 {[%clk 0:00:15]} Rg2
{[%clk 0:01:46]} 59. Rh1 {[%clk 0:00:06]} b4 {[%clk 0:01:34]} 60. Rb1+
{[%clk 0:00:07]} Rb2 {[%clk 0:01:33]} 61. Ra1 {[%clk 0:00:09]} a4
{[%clk 0:01:33]} 62. Kd4 {[%clk 0:00:13]} a3 63. Ke4 0-1

[Event "Kings Place Rapidplay"]
[Site "London"]
[Date "2017.07.08"]
[Round "5.1"]
[White "McShane, Luke J"]
[Black "Merriman, John"]
[Result "1-0"]
[BlackElo "2198"]
[WhiteElo "2686"]
[LiveChessVersion "1.4.6"]
[EventDate "2017.07.08"]
[EventType "swiss"]
[EventRounds "6"]
[EventCountry "ENG"]

1. e4 {[%clk 0:25:07]} e6 {[%clk 0:25:08]} 2. d4 {[%clk 0:25:10]} d5
{[%clk 0:25:09]} 3. Nd2 {[%clk 0:25:14]} Nf6 {[%clk 0:24:23]} 4. e5
{[%clk 0:25:17]} Nfd7 {[%clk 0:24:26]} 5. f4 {[%clk 0:25:21]} c5 {[%clk 0:24:28]}
6. c3 {[%clk 0:25:25]} Nc6 {[%clk 0:24:31]} 7. Ndf3 {[%clk 0:25:28]} Qb6
{[%clk 0:24:12]} 8. a3 {[%clk 0:25:32]} Be7 {[%clk 0:22:57]} 9. h4 cxd4
{[%clk 0:22:27]} 10. cxd4 {[%clk 0:25:01]} Na5 {[%clk 0:22:26]} 11. Ne2
{[%clk 0:24:24]} Nb3 {[%clk 0:20:17]} 12. Rb1 {[%clk 0:24:25]} Nxc1
{[%clk 0:19:47]} 13. Qxc1 {[%clk 0:24:24]} f6 {[%clk 0:19:07]} 14. Nc3
{[%clk 0:18:19]} O-O 15. Qd2 {[%clk 0:15:48]} Qd8 {[%clk 0:16:15]} 16. Bd3
{[%clk 0:15:32]} Nb6 {[%clk 0:15:36]} 17. Qe2 {[%clk 0:11:20]} f5
{[%clk 0:09:49]} 18. g4 {[%clk 0:11:23]} fxg4 {[%clk 0:08:40]} 19. Ng5
{[%clk 0:11:09]} Rxf4 {[%clk 0:08:19]} 20. Bxh7+ {[%clk 0:10:13]} Kf8
{[%clk 0:07:31]} 21. Bg6 {[%clk 0:06:06]} Nc4 {[%clk 0:05:50]} 22. Qh2
{[%clk 0:05:33]} Rf5 {[%clk 0:04:57]} 23. Bxf5 {[%clk 0:05:25]} exf5
{[%clk 0:05:00]} 24. Qf4 {[%clk 0:03:42]} g6 {[%clk 0:04:09]} 1-0

[Event "Kings Place Rapidplay"]
[Site "London"]
[Date "2017.07.08"]
[Round "5.2"]
[White "Gordon, Stephen"]
[Black "Ghasi, Ameet K"]
[Result "1-0"]
[BlackElo "2552"]
[WhiteElo "2432"]
[LiveChessVersion "1.4.6"]
[EventDate "2017.07.08"]
[EventType "swiss"]
[EventRounds "6"]
[EventCountry "ENG"]

1. c4 {[%clk 0:24:57]} g6 {[%clk 0:24:42]} 2. d4 {[%clk 0:24:47]} Bg7
{[%clk 0:24:30]} 3. e4 {[%clk 0:24:42]} d6 {[%clk 0:24:28]} 4. Nc3
{[%clk 0:24:45]} Nf6 {[%clk 0:24:26]} 5. Nf3 {[%clk 0:24:47]} O-O
{[%clk 0:24:27]} 6. Be2 {[%clk 0:24:51]} Nbd7 {[%clk 0:24:31]} 7. O-O
{[%clk 0:24:51]} e5 {[%clk 0:24:34]} 8. Be3 {[%clk 0:24:54]} Qe7 {[%clk 0:24:26]}
9. dxe5 {[%clk 0:23:28]} dxe5 {[%clk 0:24:04]} 10. Nd5 {[%clk 0:22:53]} Qd8
{[%clk 0:24:07]} 11. Qc2 {[%clk 0:22:42]} Ng4 {[%clk 0:22:23]} 12. Bd2
{[%clk 0:21:26]} c6 {[%clk 0:21:38]} 13. Ne3 {[%clk 0:21:20]} Nc5
{[%clk 0:20:08]} 14. b4 {[%clk 0:17:51]} Nxe3 {[%clk 0:20:09]} 15. Bxe3
{[%clk 0:17:46]} Ne6 {[%clk 0:20:09]} 16. c5 {[%clk 0:16:11]} Nf4
{[%clk 0:19:25]} 17. Rfd1 {[%clk 0:15:35]} Qe7 {[%clk 0:18:44]} 18. Rd6
{[%clk 0:14:53]} f5 {[%clk 0:15:30]} 19. Bf1 {[%clk 0:14:10]} a5 {[%clk 0:14:47]}
20. b5 {[%clk 0:13:25]} cxb5 {[%clk 0:14:15]} 21. Bxb5 {[%clk 0:11:50]} fxe4
{[%clk 0:12:43]} 22. Qxe4 {[%clk 0:11:50]} Bf5 {[%clk 0:12:05]} 23. Qc4+
{[%clk 0:11:54]} Be6 {[%clk 0:10:17]} 24. Rxe6 {[%clk 0:09:42]} Nxe6
{[%clk 0:06:22]} 25. Ng5 {[%clk 0:09:35]} Rf6 {[%clk 0:02:52]} 26. Rd1
{[%clk 0:07:23]} Rd8 {[%clk 0:02:18]} 27. Rxd8+ {[%clk 0:06:51]} Qxd8
{[%clk 0:02:21]} 28. Ba4 {[%clk 0:06:07]} Qe7 {[%clk 0:00:34]} 29. Bb3
{[%clk 0:05:53]} a4 {[%clk 0:00:06]} 30. Qxa4 {[%clk 0:05:46]} Kh8
{[%clk 0:00:09]} 31. Nxe6 {[%clk 0:05:45]} Rxe6 {[%clk 0:00:13]} 32. Bxe6
{[%clk 0:05:47]} Qxe6 {[%clk 0:00:17]} 33. Qa8+ {[%clk 0:05:47]} Qg8
{[%clk 0:00:21]} 34. Qxg8+ {[%clk 0:04:32]} Kxg8 {[%clk 0:00:25]} 35. a4
{[%clk 0:04:36]} e4 {[%clk 0:00:13]} 36. a5 {[%clk 0:04:39]} Be5 {[%clk 0:00:16]}
37. c6 {[%clk 0:04:23]} bxc6 {[%clk 0:00:15]} 38. a6 {[%clk 0:04:27]} Bb8
{[%clk 0:00:16]} 39. a7 {[%clk 0:04:30]} Bxa7 {[%clk 0:00:20]} 40. Bxa7
{[%clk 0:04:34]} Kf7 {[%clk 0:00:24]} 41. Kf1 {[%clk 0:04:36]} Ke6
{[%clk 0:00:29]} 42. Ke2 {[%clk 0:04:40]} Kd5 {[%clk 0:00:32]} 43. Ke3
{[%clk 0:04:41]} 1-0

[Event "Kings Place Rapidplay"]
[Site "London"]
[Date "2017.07.08"]
[Round "5.3"]
[White "Rendle, Thomas E"]
[Black "Talsma, Paul"]
[Result "1-0"]
[BlackElo "2199"]
[WhiteElo "2414"]
[LiveChessVersion "1.4.6"]
[EventDate "2017.07.08"]
[EventType "swiss"]
[EventRounds "6"]
[EventCountry "ENG"]

1. e4 {[%clk 0:24:56]} e5 {[%clk 0:25:06]} 2. Nf3 {[%clk 0:24:58]} Nc6
{[%clk 0:25:06]} 3. Bc4 {[%clk 0:25:00]} a6 {[%clk 0:25:07]} 4. d4
{[%clk 0:24:14]} exd4 {[%clk 0:24:20]} 5. O-O {[%clk 0:23:57]} g6
{[%clk 0:23:55]} 6. c3 {[%clk 0:22:39]} d3 {[%clk 0:20:53]} 7. Qb3
{[%clk 0:20:39]} Qe7 {[%clk 0:17:35]} 8. Bxd3 {[%clk 0:15:33]} Bg7
{[%clk 0:16:47]} 9. e5 {[%clk 0:13:29]} d6 {[%clk 0:10:24]} 10. Bg5
{[%clk 0:12:04]} f6 {[%clk 0:08:57]} 11. exf6 {[%clk 0:12:00]} Nxf6
{[%clk 0:08:47]} 12. Nbd2 {[%clk 0:10:44]} Be6 {[%clk 0:08:06]} 13. Qxb7
{[%clk 0:10:29]} Kd7 {[%clk 0:07:52]} 14. Be4 {[%clk 0:08:23]} d5
{[%clk 0:05:55]} 15. Bf4 {[%clk 0:08:27]} Ra7 {[%clk 0:05:34]} 16. Ne5+
{[%clk 0:07:49]} Nxe5 {[%clk 0:05:17]} 17. Qxa7 {[%clk 0:07:50]} Nxe4
{[%clk 0:04:50]} 18. Nxe4 {[%clk 0:07:16]} dxe4 {[%clk 0:04:07]} 19. Qd4+
{[%clk 0:06:31]} Qd6 {[%clk 0:03:30]} 20. Qxe4 {[%clk 0:06:34]} Ke7
{[%clk 0:02:51]} 21. Rfe1 {[%clk 0:05:32]} 1-0

[Event "Kings Place Rapidplay"]
[Site "London"]
[Date "2017.07.08"]
[Round "5.4"]
[White "Bates, Richard A"]
[Black "Howell, David W L"]
[Result "1-0"]
[BlackElo "2690"]
[WhiteElo "2410"]
[LiveChessVersion "1.4.6"]
[EventDate "2017.07.08"]
[EventType "swiss"]
[EventRounds "6"]
[EventCountry "ENG"]

1. d4 {[%clk 0:25:06]} Nf6 {[%clk 0:24:48]} 2. c4 {[%clk 0:24:08]} g6
{[%clk 0:24:41]} 3. Nf3 {[%clk 0:24:02]} Bg7 {[%clk 0:24:45]} 4. g3
{[%clk 0:24:06]} c6 {[%clk 0:24:48]} 5. Bg2 {[%clk 0:23:56]} d5 {[%clk 0:24:50]}
6. O-O {[%clk 0:23:51]} O-O {[%clk 0:24:52]} 7. cxd5 {[%clk 0:23:20]} cxd5
{[%clk 0:24:56]} 8. Ne5 {[%clk 0:23:10]} Ng4 {[%clk 0:24:58]} 9. Nxg4
{[%clk 0:21:01]} Bxg4 {[%clk 0:25:01]} 10. Nc3 {[%clk 0:20:53]} Nc6
{[%clk 0:25:05]} 11. h3 {[%clk 0:20:50]} Bd7 {[%clk 0:23:46]} 12. Be3
{[%clk 0:17:22]} e6 {[%clk 0:23:29]} 13. Qd2 {[%clk 0:17:21]} Rc8
{[%clk 0:21:35]} 14. Rfd1 {[%clk 0:17:06]} f5 {[%clk 0:11:17]} 15. Rac1
{[%clk 0:14:07]} Be8 {[%clk 0:05:33]} 16. b3 {[%clk 0:13:56]} Rf7
{[%clk 0:05:30]} 17. Na4 {[%clk 0:13:07]} b6 {[%clk 0:05:03]} 18. Nb2
{[%clk 0:12:12]} Rfc7 {[%clk 0:02:53]} 19. Bg5 {[%clk 0:10:57]} Ne7
{[%clk 0:00:49]} 20. Nd3 {[%clk 0:10:10]} Rxc1 {[%clk 0:00:41]} 21. Rxc1
{[%clk 0:10:10]} Rxc1+ {[%clk 0:00:43]} 22. Qxc1 {[%clk 0:10:13]} Bxd4
{[%clk 0:00:16]} 23. Qa3 {[%clk 0:10:00]} Kf7 {[%clk 0:00:13]} 24. Qxa7
{[%clk 0:09:52]} Qd7 {[%clk 0:00:08]} 25. Qa3 {[%clk 0:08:00]} Nc6
{[%clk 0:00:07]} 26. e3 {[%clk 0:06:35]} Bg7 {[%clk 0:00:09]} 27. g4
{[%clk 0:05:42]} Qa7 {[%clk 0:00:08]} 28. Qd6 {[%clk 0:05:11]} Qd7
{[%clk 0:00:10]} 29. Qg3 {[%clk 0:02:55]} e5 {[%clk 0:00:13]} 30. gxf5
{[%clk 0:02:55]} gxf5 {[%clk 0:00:17]} 31. Qh4 {[%clk 0:02:22]} Kg8
{[%clk 0:00:21]} 32. Bf6 {[%clk 0:02:25]} Bg6 {[%clk 0:00:16]} 33. Bxg7
{[%clk 0:02:02]} Kxg7 {[%clk 0:00:20]} 34. Nxe5 {[%clk 0:02:03]} Nxe5
{[%clk 0:00:21]} 35. Qd4 {[%clk 0:02:08]} Qc7 {[%clk 0:00:08]} 36. f4
{[%clk 0:02:11]} Kh6 {[%clk 0:00:07]} 37. fxe5 {[%clk 0:02:10]} Bf7
{[%clk 0:00:06]} 38. e6 {[%clk 0:01:08]} Bg6 {[%clk 0:00:06]} 39. Bxd5
{[%clk 0:00:56]} Qg3+ {[%clk 0:00:07]} 40. Bg2 {[%clk 0:00:55]} Kg5
{[%clk 0:00:09]} 41. Qf4+ {[%clk 0:00:24]} Qxf4 {[%clk 0:00:13]} 42. exf4+
{[%clk 0:00:28]} Kf6 {[%clk 0:00:17]} 43. Bd5 {[%clk 0:00:31]} Ke7
{[%clk 0:00:18]} 44. a4 {[%clk 0:00:33]} Kd6 {[%clk 0:00:13]} 45. Bc4
{[%clk 0:00:37]} h5 {[%clk 0:00:11]} 46. h4 {[%clk 0:00:31]} Kc5 {[%clk 0:00:14]}
47. Kf2 {[%clk 0:00:34]} Be8 {[%clk 0:00:18]} 48. Ke3 {[%clk 0:00:36]} Bg6
{[%clk 0:00:18]} 49. Bb5 {[%clk 0:00:32]} Kd6 {[%clk 0:00:22]} 50. Bd7
{[%clk 0:00:36]} Kd5 51. Ke4+ 1-0

[Event "Kings Place Rapidplay"]
[Site "London"]
[Date "2017.07.08"]
[Round "5.5"]
[White "Williams, Simon K"]
[Black "Bukojemski, Adam"]
[Result "1-0"]
[BlackElo "2283"]
[WhiteElo "2511"]
[LiveChessVersion "1.4.6"]
[EventDate "2017.07.08"]
[EventType "swiss"]
[EventRounds "6"]
[EventCountry "ENG"]

1. d4 {[%clk 0:24:57]} Nf6 {[%clk 0:25:09]} 2. Bf4 {[%clk 0:24:59]} g6
{[%clk 0:25:01]} 3. Nc3 {[%clk 0:25:00]} d5 {[%clk 0:24:54]} 4. e3
{[%clk 0:25:02]} Bg7 {[%clk 0:24:45]} 5. h4 {[%clk 0:25:04]} c6 {[%clk 0:23:26]}
6. Be2 {[%clk 0:24:37]} Qa5 {[%clk 0:22:35]} 7. Qd2 {[%clk 0:21:38]} b5
{[%clk 0:22:18]} 8. a3 {[%clk 0:20:35]} Na6 {[%clk 0:21:09]} 9. Ra2
{[%clk 0:19:48]} O-O {[%clk 0:18:03]} 10. Nf3 {[%clk 0:19:50]} Qd8
{[%clk 0:17:06]} 11. Ne5 {[%clk 0:19:41]} Bb7 {[%clk 0:15:01]} 12. h5
{[%clk 0:19:11]} Nd7 {[%clk 0:14:35]} 13. hxg6 {[%clk 0:17:35]} hxg6
{[%clk 0:12:46]} 14. Ng4 {[%clk 0:17:17]} f5 {[%clk 0:11:59]} 15. Nh6+
{[%clk 0:17:15]} Bxh6 {[%clk 0:12:02]} 16. Rxh6 {[%clk 0:17:14]} Kg7
{[%clk 0:12:06]} 17. g4 {[%clk 0:15:07]} Rh8 {[%clk 0:11:44]} 18. Rxh8
{[%clk 0:13:15]} Qxh8 {[%clk 0:11:45]} 19. gxf5 {[%clk 0:13:16]} Qh1+
{[%clk 0:11:45]} 20. Bf1 {[%clk 0:13:20]} gxf5 {[%clk 0:11:38]} 21. Ne2
{[%clk 0:13:22]} e6 {[%clk 0:08:41]} 22. Ng3 {[%clk 0:13:18]} Qg1
{[%clk 0:08:41]} 23. Bd6 {[%clk 0:11:07]} Nf6 {[%clk 0:06:49]} 24. f3
{[%clk 0:09:13]} Rd8 {[%clk 0:03:24]} 25. Be5 {[%clk 0:08:53]} Kf7
{[%clk 0:03:28]} 26. Qf2 {[%clk 0:08:51]} Qxf2+ {[%clk 0:03:32]} 27. Kxf2
{[%clk 0:08:54]} Nb8 {[%clk 0:03:30]} 28. a4 {[%clk 0:08:28]} a6 {[%clk 0:03:31]}
29. axb5 {[%clk 0:08:22]} cxb5 {[%clk 0:03:16]} 30. Bxb5 {[%clk 0:08:00]} Nfd7
{[%clk 0:02:07]} 31. Bxd7 {[%clk 0:07:52]} Nxd7 {[%clk 0:02:09]} 32. Bf4
{[%clk 0:07:47]} Rc8 {[%clk 0:01:50]} 33. b3 {[%clk 0:07:48]} Ke7
{[%clk 0:00:39]} 34. Ne2 {[%clk 0:07:50]} Nb6 {[%clk 0:00:43]} 35. Nc1
{[%clk 0:07:51]} Ra8 {[%clk 0:00:43]} 36. Nd3 {[%clk 0:07:42]} Nd7
{[%clk 0:00:41]} 37. Ra1 {[%clk 0:06:53]} Rc8 {[%clk 0:00:39]} 38. Nb4
{[%clk 0:06:34]} Kf7 {[%clk 0:00:08]} 39. Ke2 {[%clk 0:06:19]} Rg8
{[%clk 0:00:07]} 40. Kd3 {[%clk 0:06:00]} Ke7 {[%clk 0:00:06]} 41. Ra5
{[%clk 0:05:07]} Rg2 {[%clk 0:00:08]} 42. Nxa6 {[%clk 0:05:03]} Bxa6+
{[%clk 0:00:06]} 43. Rxa6 {[%clk 0:05:06]} Rf2 {[%clk 0:00:10]} 44. Bd6+
{[%clk 0:04:44]} Ke8 {[%clk 0:00:14]} 45. Ra8+ {[%clk 0:04:42]} Kf7
{[%clk 0:00:18]} 46. Ra7 {[%clk 0:04:42]} Ke8 {[%clk 0:00:22]} 47. f4
{[%clk 0:04:44]} Nf6 {[%clk 0:00:25]} 48. Re7+ {[%clk 0:03:38]} Kd8
{[%clk 0:00:29]} 49. Rxe6 {[%clk 0:03:41]} Ne4 {[%clk 0:00:34]} 50. Bb4
{[%clk 0:03:45]} Kd7 {[%clk 0:00:26]} 51. Re5 {[%clk 0:03:34]} Kc6
{[%clk 0:00:29]} 52. Rxf5 {[%clk 0:02:52]} Ng3 {[%clk 0:00:33]} 53. Rf6+
{[%clk 0:02:45]} Kb5 {[%clk 0:00:38]} 54. Be1 {[%clk 0:02:40]} Rd2+
{[%clk 0:00:13]} 55. Bxd2 {[%clk 0:02:31]} Ne2 {[%clk 0:00:11]} 56. c4+ 1-0

[Event "Kings Place Rapidplay"]
[Site "London"]
[Date "2017.07.08"]
[Round "6.1"]
[White "Gordon, Stephen"]
[Black "McShane, Luke J"]
[Result "1/2-1/2"]
[BlackElo "2686"]
[WhiteElo "2432"]
[LiveChessVersion "1.4.6"]
[EventDate "2017.07.08"]
[EventType "swiss"]
[EventRounds "6"]
[EventCountry "ENG"]

1. Nf3 {[%clk 0:25:07]} Nf6 {[%clk 0:25:07]} 2. c4 {[%clk 0:25:10]} g6
{[%clk 0:24:41]} 3. Nc3 Bg7 {[%clk 0:24:44]} 4. e4 {[%clk 0:25:15]} O-O
{[%clk 0:24:44]} 5. d4 {[%clk 0:25:18]} d6 {[%clk 0:24:47]} 6. Be2
{[%clk 0:25:20]} e5 {[%clk 0:24:38]} 7. O-O {[%clk 0:25:11]} Na6 {[%clk 0:24:39]}
8. Be3 {[%clk 0:25:13]} Qe8 {[%clk 0:24:05]} 9. dxe5 {[%clk 0:24:30]} dxe5
{[%clk 0:24:05]} 10. h3 {[%clk 0:24:28]} Nh5 {[%clk 0:24:02]} 11. c5
{[%clk 0:23:16]} Nf4 {[%clk 0:24:04]} 12. Bxa6 {[%clk 0:21:20]} bxa6
{[%clk 0:24:08]} 13. Nd5 {[%clk 0:20:41]} Nxd5 {[%clk 0:24:11]} 14. Qxd5
{[%clk 0:20:35]} Bd7 {[%clk 0:23:54]} 15. Rfd1 {[%clk 0:19:44]} Bc6
{[%clk 0:23:48]} 16. Qc4 {[%clk 0:19:43]} a5 {[%clk 0:22:46]} 17. Nd2
{[%clk 0:19:14]} a4 {[%clk 0:22:04]} 18. Nb1 {[%clk 0:16:56]} Rb8
{[%clk 0:16:19]} 19. Rd2 {[%clk 0:15:29]} a5 {[%clk 0:15:06]} 20. Nc3
{[%clk 0:14:40]} Rb4 {[%clk 0:15:05]} 21. Qa6 {[%clk 0:13:13]} Bxe4
{[%clk 0:09:18]} 22. Qxa5 {[%clk 0:12:55]} Qb8 {[%clk 0:08:29]} 23. a3
{[%clk 0:09:02]} Rc4 {[%clk 0:08:30]} 24. Nxe4 {[%clk 0:07:52]} Rxe4
{[%clk 0:08:34]} 25. Rc1 {[%clk 0:06:38]} c6 {[%clk 0:04:32]} 26. Qb6
{[%clk 0:06:15]} Qe8 {[%clk 0:03:22]} 27. Rd6 {[%clk 0:05:54]} f5
{[%clk 0:02:54]} 28. Qxc6 {[%clk 0:05:32]} Qxc6 {[%clk 0:02:57]} 29. Rxc6
{[%clk 0:05:36]} f4 {[%clk 0:03:00]} 30. Bd2 {[%clk 0:05:40]} Re2
{[%clk 0:02:52]} 31. Bc3 {[%clk 0:05:29]} e4 {[%clk 0:02:16]} 32. Re6
{[%clk 0:03:47]} Bxc3 {[%clk 0:02:00]} 33. Rxc3 {[%clk 0:03:49]} Kf7
{[%clk 0:00:35]} 34. Rd6 {[%clk 0:03:08]} Rb8 {[%clk 0:00:12]} 35. Rb6
{[%clk 0:01:16]} Rd8 {[%clk 0:00:16]} 36. Rd6 {[%clk 0:01:14]} Rxd6
{[%clk 0:00:10]} 37. cxd6 {[%clk 0:01:18]} Ke6 {[%clk 0:00:12]} 38. Kf1
{[%clk 0:00:34]} Rxb2 {[%clk 0:00:17]} 39. Rc4 {[%clk 0:00:38]} Rb1+
{[%clk 0:00:20]} 40. Ke2 {[%clk 0:00:42]} Rb2+ {[%clk 0:00:24]} 41. Ke1
{[%clk 0:00:44]} e3 {[%clk 0:00:10]} 42. Rxf4 {[%clk 0:00:23]} exf2+
{[%clk 0:00:15]} 43. Kf1 {[%clk 0:00:28]} Kxd6 {[%clk 0:00:10]} 44. Rxa4
{[%clk 0:00:32]} Ra2 {[%clk 0:00:09]} 45. Ra7 {[%clk 0:00:28]} Ke5
{[%clk 0:00:09]} 46. Rxh7 {[%clk 0:00:22]} Rxa3 {[%clk 0:00:11]} 47. Rf7
{[%clk 0:00:20]} Ke4 {[%clk 0:00:12]} 48. Kxf2 {[%clk 0:00:23]} Ke5
{[%clk 0:00:12]} 49. Rf3 {[%clk 0:00:26]} Ra4 {[%clk 0:00:13]} 50. Kg3
{[%clk 0:00:29]} g5 {[%clk 0:00:14]} 51. Rf8 {[%clk 0:00:32]} Ke6
{[%clk 0:00:18]} 52. Kf3 {[%clk 0:00:31]} Rb4 {[%clk 0:00:19]} 53. g4
{[%clk 0:00:15]} Rb3+ {[%clk 0:00:21]} 54. Kg2 {[%clk 0:00:19]} Rb2+
{[%clk 0:00:19]} 55. Kg3 {[%clk 0:00:23]} Rb3+ {[%clk 0:00:22]} 56. Rf3
{[%clk 0:00:25]} Rxf3+ {[%clk 0:00:13]} 57. Kxf3 {[%clk 0:00:28]} Kf7
{[%clk 0:00:10]} 58. Ke3 {[%clk 0:00:10]} Ke7 {[%clk 0:00:14]} 59. Kd3
{[%clk 0:00:10]} Kd7 {[%clk 0:00:11]} 60. Ke3 {[%clk 0:00:07]} Ke7
{[%clk 0:00:15]} 61. Kd3 {[%clk 0:00:11]} Kd7 {[%clk 0:00:19]} 62. Ke4 1/2-1/2